Statistics for Taylor Swift Songs A-Z

Click here to take the quiz!

General Stats

  • This quiz has been taken 70 times
  • The average score is 20 of 24

Answer Stats

HintAnswer% Correct
AA Place in this World | A Perfectly Good Heart | Afterglow | All of the Girls You Loved Before | All Too Well | All You Had To Do Was Stay | Anti-Hero | august
100%
BBabe | Back to December | Bad Blood | Begin Again | Bejeweled | Better Man | Better Than Revenge | betty | Bigger Than The Whole Sky | Blank Space | Breathe | Bye Bye Baby
100%
DDancing With Our Hands Tied | Daylight | Dear John | Dear Reader | Death By A Thousand Cuts | Delicate | Don't Blame Me | Don't You | dorothea | Dress
100%
EElectric Touch | Enchanted | End Game | epiphany | Everything Has Changed | Eyes Open | evermore | exile
100%
CCall It What You Want | cardigan | Castles Crumbling | champagne problems | Change | Christmas Must Be Something More | Christmas Tree Farm | Christmases When You Were Mine | Clean | closure | Cold As You | Come Back...Be Here | Come In With The Rain | coney island | Cornelia Street | cowboy like me | Crazier | Cruel Summer
98%
Mmad woman | marjorie | Maroon | Mary's Song (Oh My My My) | Mastermind | ME! | Mean | Message In A Bottle | Midnight Rain | Mine | mirrorball | Miss Americana & The Heartbreak Prince | Mr. Perfectly Fine | my tears ricochet
92%
FFalse God | Fearless | Fifteen | Foolish One | Forever & Always | Forever Winter
90%
GGetaway Car | Girl At Home | Glitch | gold rush | Gorgeous
88%
II Almost Do | I Bet You Think About Me | I Can See You | I Forgot That You Existed | I Knew You Were Trouble | I Know Places | I Think He Knows | I Wish You Would | If This Was A Movie | illicit affairs | I'm Only Me When I'm With You | Innocent | invisible string | Is It Over Now? | It's Nice To Have A Friend | it's time to go | ivy
88%
LLabyrinth | Last Christmas | Last Kiss | Lavender Haze | London Boy | Long Live | long story short | Lover | Love Story
88%
SSad Beautiful Tragic | Safe & Sound | Santa Baby | Say Don't Go | seven | Shake It Off | Should've Said No | Silent Night | Slut! | Snow On The Beach | So It Goes... | Soon You'll Get Better | Sparks Fly | Speak Now | Starlight | State Of Grace | Stay Beautiful | Stay Stay Stay | Style | Suburban Legends | Superman | Superstar | Sweet Nothing | Sweeter Than Fiction
88%
YYou All Over Me | You Are In Love | You Belong With Me | You're Losing Me | You Need To Calm Down | You're Not Sorry | You're On Your Own Kid
88%
TTeardrops on My Guitar | Tell Me Why | That's When | The 1 | The Archer | The Best Day | The Great War | the lakes | the last great american dynasty | The Last Time | The Lucky One | The Man | The Moment I Knew | The Other Side Of The Door | The Outside | The Story Of Us | The Way I Loved You | this is me trying | This Is Why We Can't Have Nice Things | This Love | Tied Together With A Smile | Tim McGraw | Timeless | 'tis the damn season | Today Was A Fairytale | tolerate it | Treacherous
85%
Hhappiness | Haunted | Hey Stephen | High Infidelity | Hits Different | hoax | Holy Ground | How You Get The Girl
83%
R...Ready For It? | Red | right where you left me | Ronan | Run
83%
WWe Are Never Ever Getting Back Together | We Were Happy | Welcome To New York | When Emma Falls in Love | White Christmas | White Horse | Wildest Dreams | willow | Wonderland | Would've Could've Should've
81%
NNever Grow Up | New Romantics | New Year's Day | no body no crime | Nothing New | Now That We Don't Talk
77%
KKarma | King Of My Heart
73%
QQuestion...?
73%
OOur Song | Ours | Out Of The Woods
69%
PPaper Rings | Paris | peace | Picture To Burn
69%
VVigilante Sh*t
69%
JJump Then Fall
60%
UUntouchable
56%

Score Distribution

Percentile by Number Answered

Percent of People with Each Score

Your Score History

You have not taken this quiz